[Event "Olympiad Women-34"]
[Site "Istanbul"]
[Date "2000.10.31"]
[Round "4.1"]
[White "Ratcu, Tatiana Kaawar"]
[Black "Kryger, Oksana"]
[Result "1/2-1/2"]
[WhiteElo "2240"]
[BlackElo "2093"]
[PlyCount "60"]
[EventDate "2000.10.28"]
[EventType "team-swiss"]
[EventRounds "14"]
[EventCountry "TUR"]
[SourceTitle "EXT 2001"]
[Source "ChessBase"]
[SourceDate "2000.11.22"]
[SourceVersion "1"]
[SourceVersionDate "2000.11.22"]
[SourceQuality "1"]
[WhiteTeam "Brazil (W)"]
[BlackTeam "Denmark (W)"]
[WhiteTeamCountry "BRA"]
[BlackTeamCountry "DEN"]

1. e4 e6 2. d4 d5 3. Nd2 c5 4. exd5 exd5 5. Ngf3 Nc6 6. Bb5 Bd6 7. dxc5 Bxc5 8. 0-0 Nge7 9. c3 0-0 10. Nb3 Bd6 11. Bg5 Bg4 12. Bh4 Qc7 13. Bg3 Bxg3 14. hxg3 Qb6 15. Be2 Nf5 16. Nfd4 Bxe2 17. Nxe2 Rad8 18. Qd3 g6 19. Rad1 Rfe8 20. Rfe1 Ne5 21. Qc2 Nc4 22. Ned4 Nxd4 23. Rxe8+ Rxe8 24. Rxd4 Re1+ 25. Kh2 g5 26. Qf5 Qh6+ 27. Qh3 Qxh3+ 28. Kxh3 Ne5 29. g4 Ng6 30. g3 Re2 1/2-1/2

[Event "Oz.com qual blitz"]
[Site "ICC INT"]
[Date "2000.03.05"]
[Round "9"]
[White "Landenbergue, Claude"]
[Black "Ratcu, Tatiana Kaawar"]
[Result "1-0"]
[WhiteElo "2406"]
[BlackElo "2226"]
[PlyCount "75"]
[EventDate "2000.03.05"]
[EventType "swiss (blitz)"]
[EventRounds "9"]
[EventCountry "USA"]
[SourceTitle "EXT 2001"]
[Source "ChessBase"]
[SourceDate "2000.11.22"]
[SourceVersion "1"]
[SourceVersionDate "2000.11.22"]
[SourceQuality "1"]

1. e4 c5 2. Nf3 Nc6 3. d4 cxd4 4. Nxd4 Nf6 5. Nc3 e5 6. Ndb5 d6 7. a4 a6 8. Na3 h6 9. Bc4 Be7 10. 0-0 0-0 11. Nd5 Nxd5 12. Bxd5 Nd4 13. c3 Ne6 14. Nc4 Rb8 15. a5 Bd7 16. Be3 Bb5 17. Re1 Bxc4 18. Bxc4 Qc7 19. Bd5 Nc5 20. Qg4 Kh8 21. Qh5 Ne6 22. Bxh6 gxh6 23. Qxh6+ Kg8 24. Bxe6 fxe6 25. Qg6+ Kh8 26. Re3 Bh4 27. Rh3 Rf4 28. Rxh4+ Rxh4 29. Qf6+ Kg8 30. Qxh4 Rf8 31. Qh6 Qf7 32. Qg5+ Kh8 33. Qh4+ Kg7 34. Rd1 d5 35. Rd3 Qf4 36. Rg3+ Kf7 37. Rf3 Qxf3 38. gxf3 1-0

[Event "Oz.com qual blitz"]
[Site "ICC INT"]
[Date "2000.03.05"]
[Round "4"]
[White "Ragnarsson, Johann Hjortur"]
[Black "Ratcu, Tatiana Kaawar"]
[Result "1/2-1/2"]
[WhiteElo "2129"]
[BlackElo "2226"]
[PlyCount "106"]
[EventDate "2000.03.05"]
[EventType "swiss (blitz)"]
[EventRounds "9"]
[EventCountry "USA"]
[SourceTitle "EXT 2001"]
[Source "ChessBase"]
[SourceDate "2000.11.22"]
[SourceVersion "1"]
[SourceVersionDate "2000.11.22"]
[SourceQuality "1"]

1. d4 Nf6 2. c4 e6 3. Nc3 Bb4 4. Bg5 0-0 5. e3 d6 6. Bd3 c5 7. Nge2 b6 8. 0-0 Bxc3 9. Nxc3 Bb7 10. d5 Nbd7 11. f4 Qe7 12. e4 e5 13. fxe5 Qxe5 14. Bf4 Qd4+ 15. Kh1 Ne5 16. Bxe5 Qxe5 17. Rf5 Qe7 18. Qe1 Rae8 19. Qg3 Nd7 20. Nb5 Ne5 21. Bf1 Bc8 22. Rf2 a6 23. Nc3 Kh8 24. h4 f5 25. Qg5 Qxg5 26. hxg5 Ng4 27. Rf3 fxe4 28. Rxf8+ Rxf8 29. Nxe4 Nf2+ 30. Nxf2 Rxf2 31. Re1 Bd7 32. b3 Kg8 33. Kg1 Rxa2 34. Re7 Bf5 35. Rb7 Rb2 36. Rxb6 a5 37. Rb5 Bc2 38. Rxa5 Rxb3 39. Ra6 Rb1 40. Kf2 Bb3 41. Rxd6 Rc1 42. Rc6 Bxc4 43. Bxc4 Rxc4 44. Rc7 Rc2+ 45. Kf3 c4 46. d6 Rd2 47. d7 Kf8 48. d8Q+ Rxd8 49. Rxc4 Rd5 50. Kg4 Ke7 51. Rf4 Rd2 52. g3 Rd5 53. Ra4 Rd7 1/2-1/2

[Event "Oz.com qual blitz"]
[Site "ICC INT"]
[Date "2000.03.05"]
[Round "6"]
[White "Ratcu, Tatiana Kaawar"]
[Black "Ottosen, David"]
[Result "0-1"]
[WhiteElo "2226"]
[BlackElo "2114"]
[PlyCount "62"]
[EventDate "2000.03.05"]
[EventType "swiss (blitz)"]
[EventRounds "9"]
[EventCountry "USA"]
[SourceTitle "EXT 2001"]
[Source "ChessBase"]
[SourceDate "2000.11.22"]
[SourceVersion "1"]
[SourceVersionDate "2000.11.22"]
[SourceQuality "1"]

1. e4 c5 2. c3 Nf6 3. e5 Nd5 4. d4 cxd4 5. Qxd4 e6 6. Nf3 Nc6 7. Qe4 f5 8. Qe2 g6 9. g3 Bg7 10. c4 Nde7 11. b3 Qc7 12. Bb2 0-0 13. Bg2 b6 14. 0-0 Bb7 15. Nbd2 d5 16. exd6 Qxd6 17. Rfe1 Bxb2 18. Rab1 Bg7 19. Qxe6+ Qxe6 20. Rxe6 Rf6 21. Rbe1 Rxe6 22. Rxe6 Rd8 23. Kf1 h6 24. Ke1 Kf7 25. Re3 Nb4 26. Kf1 Bxf3 27. Nxf3 Rd1+ 28. Re1 Rxe1+ 29. Nxe1 Nxa2 30. Ke2 Nc1+ 31. Ke3 Nxb3 0-1

[Event "IGSP op-B"]
[Site "Sao Caetano do Sul"]
[Date "1999.??.??"]
[Round "7"]
[White "Ratcu, Tatiana Kaawar"]
[Black "Malbran, Emilio"]
[Result "0-1"]
[WhiteElo "2226"]
[BlackElo "2177"]
[PlyCount "76"]
[EventDate "1999.??.??"]
[EventType "swiss"]
[EventRounds "7"]
[EventCountry "BRA"]
[SourceTitle "EXT 2000"]
[Source "ChessBase"]
[SourceDate "1999.11.16"]
[SourceVersion "1"]
[SourceVersionDate "1999.11.16"]
[SourceQuality "1"]

1. d4 Nf6 2. Nf3 g6 3. Nbd2 d5 4. e3 c5 5. Be2 Nc6 6. c3 Qb6 7. 0-0 Bg7 8. Bd3 0-0 9. Re1 e5 10. Nxe5 Nxe5 11. dxe5 Ng4 12. Nf3 Nxe5 13. Nxe5 Bxe5 14. Qf3 Bg7 15. Qxd5 Rd8 16. Qc4 Be6 17. Qb5 Qxb5 18. Bxb5 a6 19. Bf1 b5 20. e4 b4 21. Bg5 Rd7 22. e5 h6 23. Bf4 g5 24. Bc1 Rad8 25. f4 Rd1 26. Be3 Rxa1 27. Rxa1 gxf4 28. Bxf4 a5 29. a3 bxc3 30. bxc3 Rb8 31. Rd1 c4 32. Rd4 Bf8 33. Rd1 a4 34. h3 Bxa3 35. Bxh6 Bb2 36. Bg5 a3 37. Rd4 Bxc3 38. Rh4 Bxe5 0-1

[Event "Sao Bernardo op"]
[Site "Sao Bernardo do Campo"]
[Date "1999.??.??"]
[Round "4"]
[White "Ratcu, Tatiana Kaawar"]
[Black "Ramon Pita, Vivian"]
[Result "0-1"]
[WhiteElo "2226"]
[BlackElo "2343"]
[PlyCount "126"]
[EventDate "1999.??.??"]
[EventType "swiss"]
[EventRounds "7"]
[EventCountry "BRA"]
[SourceTitle "EXT 2001"]
[Source "ChessBase"]
[SourceDate "2000.11.22"]
[SourceVersion "1"]
[SourceVersionDate "2000.11.22"]
[SourceQuality "1"]

1. d4 f5 2. Nf3 e6 3. e3 d5 4. c4 Nf6 5. Bd3 c6 6. b3 Bb4+ 7. Nbd2 0-0 8. Bb2 Ne4 9. 0-0 Nd7 10. a4 Kh8 11. Ba3 Bxa3 12. Rxa3 Qe7 13. Ra1 g5 14. Ne5 Nxe5 15. dxe5 Qg7 16. f4 Rg8 17. Qe2 Bd7 18. Nf3 g4 19. Nd2 g3 20. h3 Nf2 21. Nf3 Be8 22. Nd4 Qh6 23. cxd5 cxd5 24. Qd2 Bh5 25. Rxf2 gxf2+ 26. Qxf2 Bf7 27. Kh1 a6 28. Qd2 Rg3 29. Rc1 Rag8 30. Bf1 Bh5 31. Kh2 R3g7 32. Rc2 Qg6 33. Kh1 Qf7 34. Kh2 Qe7 35. Qf2 Rg6 36. Kh1 Qd8 37. Qe1 Qe7 38. Kh2 R6g7 39. Bd3 Be8 40. Bf1 Rg6 41. Kh1 Bf7 42. Kh2 Qd8 43. Kh1 Rg3 44. Kh2 R3g7 45. Kh1 Qd7 46. Qc1 Bh5 47. Kh2 Re8 48. Bd3 Qe7 49. Qe1 Rgg8 50. Qc1 Qh4 51. Bf1 Bg4 52. g3 Qh5 53. h4 Bd1 54. Rg2 Bf3 55. Rf2 Be4 56. Be2 Qg6 57. Qg1 Rc8 58. Rf1 Rc7 59. Qf2 Rgc8 60. Bf3 Bxf3 61. Qxf3 Rc1 62. Rxc1 Rxc1 63. Qf2 Qg4 0-1

[Event "Wch U20 Girls 16th"]
[Site "Calicut"]
[Date "1998.11.22"]
[Round "6"]
[White "Delemarre, Isabel"]
[Black "Ratcu, Tatiana Kaawar"]
[Result "0-1"]
[WhiteElo "2195"]
[BlackElo "2195"]
[PlyCount "82"]
[EventDate "1998.11.17"]
[EventType "swiss"]
[EventRounds "13"]
[EventCountry "IND"]
[SourceTitle "CBM 067 Extra"]
[Source "ChessBase"]
[SourceDate "1999.01.01"]
[SourceVersion "1"]
[SourceVersionDate "1999.01.01"]
[SourceQuality "1"]

1. e4 d6 2. d4 Nf6 3. Nc3 c6 4. Be3 Qa5 5. Qd2 Nbd7 6. h3 e5 7. f4 Be7 8. g4 b5 9. Bd3 Bb7 10. Nf3 b4 11. Nd1 c5 12. d5 c4 13. fxe5 Nxe5 14. Nxe5 dxe5 15. Bxc4 Nxe4 16. Qd3 Nd6 17. Bb3 0-0 18. c4 bxc3 19. Qxc3 Qb5 20. Qxe5 Bh4+ 21. Kd2 Qb4+ 22. Nc3 Bf6 23. Qf4 Ne4+ 24. Ke2 Rfe8 25. Kf3 Bg5 26. Qf5 Bc8 27. Qxe4 Rxe4 28. Nxe4 Bxe3 29. Kxe3 Bd7 30. Rhe1 a5 31. Rac1 a4 32. Bc4 Qxb2 33. Kf4 Qh2+ 34. Ke3 Qxh3+ 35. Kd4 Kf8 36. Bd3 Qxg4 37. Rc7 Re8 38. Rec1 Bf5 39. Re1 Bxe4 40. Rxe4 Rxe4+ 41. Bxe4 f5 0-1

[Event "Wch U20 Girls 16th"]
[Site "Calicut"]
[Date "1998.11.21"]
[Round "5"]
[White "Ratcu, Tatiana Kaawar"]
[Black "Shah, Pallavi G"]
[Result "1/2-1/2"]
[WhiteElo "2195"]
[BlackElo "2130"]
[PlyCount "46"]
[EventDate "1998.11.17"]
[EventType "swiss"]
[EventRounds "13"]
[EventCountry "IND"]
[SourceTitle "CBM 067 Extra"]
[Source "ChessBase"]
[SourceDate "1999.01.01"]
[SourceVersion "1"]
[SourceVersionDate "1999.01.01"]
[SourceQuality "1"]

1. d4 Nf6 2. Nf3 g6 3. Nbd2 c5 4. c3 Bg7 5. e4 cxd4 6. cxd4 d6 7. Bb5+ Bd7 8. Bxd7+ Nfxd7 9. 0-0 0-0 10. Nb1 Nc6 11. Nc3 Rc8 12. Be3 Nb6 13. b3 d5 14. Qd2 e5 15. exd5 Nxd5 16. Nxd5 Qxd5 17. dxe5 Qxd2 18. Bxd2 Nxe5 19. Nxe5 Bxe5 20. Rac1 Bb2 21. Rxc8 Rxc8 22. Be3 a6 23. Rd1 Bf6 1/2-1/2

[Event "Wch U20 Girls 16th"]
[Site "Calicut"]
[Date "1998.11.18"]
[Round "2"]
[White "Lakos, Nikoletta"]
[Black "Ratcu, Tatiana Kaawar"]
[Result "1/2-1/2"]
[WhiteElo "2385"]
[BlackElo "2195"]
[PlyCount "39"]
[EventDate "1998.11.17"]
[EventType "swiss"]
[EventRounds "13"]
[EventCountry "IND"]
[SourceTitle "CBM 067 Extra"]
[Source "ChessBase"]
[SourceDate "1999.01.01"]
[SourceVersion "1"]
[SourceVersionDate "1999.01.01"]
[SourceQuality "1"]

1. e4 c5 2. Nf3 e6 3. d4 cxd4 4. Nxd4 a6 5. Bd3 Nf6 6. 0-0 d6 7. c4 Be7 8. Nc3 0-0 9. Kh1 Nc6 10. Be3 Nd7 11. f4 Nxd4 12. Bxd4 e5 13. Be3 exf4 14. Bxf4 Ne5 15. Be2 Be6 16. b3 Rc8 17. Rc1 Rc6 18. Rc2 Bg5 19. g3 Bf6 20. Nd5 1/2-1/2

[Event "Olympiad Women-33"]
[Site "Elista"]
[Date "1998.10.07"]
[Round "9"]
[White "Hernandez Guerrero, Yadira"]
[Black "Ratcu, Tatiana Kaawar"]
[Result "1-0"]
[WhiteElo "2220"]
[BlackElo "2195"]
[PlyCount "73"]
[EventDate "1998.09.29"]
[EventType "team-swiss"]
[EventRounds "13"]
[EventCountry "RUS"]
[SourceTitle "CBM 066 Extra"]
[Source "ChessBase"]
[SourceDate "1998.11.06"]
[SourceVersion "1"]
[SourceVersionDate "1998.11.06"]
[SourceQuality "1"]

1. d4 Nf6 2. Nf3 e6 3. Bg5 h6 4. Bh4 b6 5. e3 Bb7 6. h3 Be7 7. Bxf6 Bxf6 8. Nbd2 c5 9. c3 Nc6 10. Be2 d6 11. Qb3 0-0 12. Rd1 Qc7 13. 0-0 Rac8 14. Ne4 Be7 15. Ng3 d5 16. Qa4 Rfd8 17. Rd2 a6 18. dxc5 bxc5 19. Qg4 Ne5 20. Nxe5 Qxe5 21. Bd3 Qg5 22. Qe2 Bd6 23. Kh2 c4 24. Bb1 e5 25. Nf5 Bc7 26. g3 e4 27. Nd4 h5 28. Kh1 h4 29. gxh4 Qe5 30. f4 exf3 31. Qxf3 Rf8 32. Rg2 Rce8 33. Rfg1 Kh8 34. h5 Rg8 35. Qxf7 Qxe3 36. Qf5 Re4 37. Rxg7 1-0

[Event "Olympiad Women-33"]
[Site "Elista"]
[Date "1998.10.05"]
[Round "7"]
[White "Ratcu, Tatiana Kaawar"]
[Black "Flear, Christine"]
[Result "1/2-1/2"]
[WhiteElo "2195"]
[BlackElo "2230"]
[PlyCount "88"]
[EventDate "1998.09.29"]
[EventType "team-swiss"]
[EventRounds "13"]
[EventCountry "RUS"]
[SourceTitle "CBM 066 Extra"]
[Source "ChessBase"]
[SourceDate "1998.11.06"]
[SourceVersion "1"]
[SourceVersionDate "1998.11.06"]
[SourceQuality "1"]

1. d4 d5 2. Nf3 Nf6 3. e3 e6 4. Bd3 Be7 5. Nbd2 0-0 6. 0-0 c5 7. c3 b6 8. Qe2 Nbd7 9. e4 dxe4 10. Nxe4 Bb7 11. Nxf6+ Bxf6 12. Be3 cxd4 13. Nxd4 Nc5 14. Bc4 Qc7 15. Rad1 Rfd8 16. f3 a6 17. Nb3 Na4 18. Rxd8+ Bxd8 19. Bd3 Be7 20. Nd4 Nc5 21. Bb1 g6 22. Qf2 b5 23. Rd1 Rd8 24. Rd2 Rd7 25. Bc2 e5 26. Nb3 Na4 27. Bb1 Bd5 28. Nc1 Nc5 29. Qe2 Ne6 30. Nd3 a5 31. Bf2 f6 32. Be3 f5 33. Ne1 Bc5 34. Bxc5 Qxc5+ 35. Kh1 Bc4 36. Qd1 Rxd2 37. Qxd2 Nf4 38. b3 Bf7 39. Nd3 Nxd3 40. Bxd3 b4 41. cxb4 axb4 42. Qc2 Qe3 43. h3 h5 44. Bc4 Qe1+ 1/2-1/2

[Event "Olympiad Women-33"]
[Site "Elista"]
[Date "1998.10.01"]
[Round "3"]
[White "Watai, Miyoko"]
[Black "Ratcu, Tatiana Kaawar"]
[Result "0-1"]
[WhiteElo "2050"]
[BlackElo "2195"]
[PlyCount "90"]
[EventDate "1998.09.29"]
[EventType "team-swiss"]
[EventRounds "13"]
[EventCountry "RUS"]
[SourceTitle "CBM 066 Extra"]
[Source "ChessBase"]
[SourceDate "1998.11.06"]
[SourceVersion "1"]
[SourceVersionDate "1998.11.06"]
[SourceQuality "1"]

1. d4 Nf6 2. Nf3 e6 3. e3 c5 4. Bd3 cxd4 5. exd4 d6 6. 0-0 Be7 7. Nc3 0-0 8. Re1 b6 9. Ne4 Nbd7 10. Qe2 Re8 11. b3 Bb7 12. Bb2 Rc8 13. Rac1 Rc7 14. Nfd2 Nd5 15. c3 Nf4 16. Qe3 Nxd3 17. Qxd3 Nf8 18. Nf3 Ng6 19. Ng3 Qa8 20. Ne4 Nf4 21. Qe3 Bxe4 22. Qxf4 Bxf3 23. Qxf3 Qxf3 24. gxf3 d5 25. Rc2 Rec8 26. Re3 b5 27. Kf1 b4 28. Ke2 Bg5 29. Rd3 Bf4 30. h3 h6 31. Kd1 Kh7 32. Bc1 Bd6 33. Bd2 Kg6 34. Kc1 Kh5 35. Kb2 Kh4 36. f4 bxc3+ 37. Rcxc3 Rxc3 38. Bxc3 Bxf4 39. b4 g5 40. a4 g4 41. hxg4 Kxg4 42. b5 h5 43. Kb3 h4 44. a5 h3 45. Bd2 h2 0-1

[Event "Olympiad Women-33"]
[Site "Elista"]
[Date "1998.09.29"]
[Round "1"]
[White "Manakov, Marina"]
[Black "Ratcu, Tatiana Kaawar"]
[Result "1/2-1/2"]
[WhiteElo "2345"]
[BlackElo "2195"]
[PlyCount "88"]
[EventDate "1998.09.29"]
[EventType "team-swiss"]
[EventRounds "13"]
[EventCountry "RUS"]
[SourceTitle "CBM 066 Extra"]
[Source "ChessBase"]
[SourceDate "1998.11.06"]
[SourceVersion "1"]
[SourceVersionDate "1998.11.06"]
[SourceQuality "1"]

1. d4 Nf6 2. Nf3 e6 3. Bg5 c5 4. e3 cxd4 5. exd4 Be7 6. Nc3 d6 7. Qd2 Nbd7 8. Bd3 b6 9. 0-0-0 Bb7 10. h4 a6 11. Qe2 b5 12. Be4 Rc8 13. Kb1 Bd5 14. Bd2 Qc7 15. Rh3 Nxe4 16. Nxe4 Bxe4 17. Qxe4 Nf6 18. Qd3 Qc4 19. Ne1 d5 20. f3 h6 21. h5 Nd7 22. g4 Bf6 23. Be3 Nb6 24. f4 Qxd3 25. Rxd3 Nc4 26. Bc1 Nd6 27. g5 Be7 28. Nf3 Ne4 29. Rh2 Bd6 30. gxh6 gxh6 31. Ne5 Ke7 32. f5 exf5 33. Bf4 Ke6 34. a3 Rcg8 35. Rf3 Bxe5 36. Bxe5 Rg1+ 37. Ka2 Rhg8 38. Bf4 R1g2 39. Rfh3 Rxh2 40. Rxh2 Nf6 41. Re2+ Ne4 42. Rh2 Nf6 43. Re2+ Ne4 44. Rh2 Nf6 1/2-1/2

[Event "Itau Mercosul Cup 2nd"]
[Site "Sao Paulo"]
[Date "1998.09.16"]
[Round "9"]
[White "Ratcu, Tatiana Kaawar"]
[Black "Martinez, Carlos Alejandro"]
[Result "1/2-1/2"]
[WhiteElo "2195"]
[BlackElo "2425"]
[PlyCount "28"]
[EventDate "1998.09.??"]
[EventType "swiss"]
[EventRounds "9"]
[EventCountry "BRA"]
[SourceTitle "EXT 1999"]
[Source "ChessBase"]
[SourceDate "1998.11.16"]
[SourceVersion "1"]
[SourceVersionDate "1998.11.16"]
[SourceQuality "1"]

1. e4 e6 2. d4 d5 3. Nd2 Nc6 4. Ngf3 Nf6 5. e5 Nd7 6. c3 f6 7. Bb5 fxe5 8. dxe5 Bc5 9. 0-0 0-0 10. Nb3 Bb6 11. Bg5 Qe8 12. Bxc6 bxc6 13. Bh4 a5 14. Re1 Ba6 1/2-1/2

[Event "Itau Mercosul Cup 2nd"]
[Site "Sao Paulo"]
[Date "1998.09.12"]
[Round "5"]
[White "Leal, Joao Vitor"]
[Black "Ratcu, Tatiana Kaawar"]
[Result "0-1"]
[WhiteElo "2030"]
[BlackElo "2195"]
[PlyCount "92"]
[EventDate "1998.09.??"]
[EventType "swiss"]
[EventRounds "9"]
[EventCountry "BRA"]
[SourceTitle "EXT 1999"]
[Source "ChessBase"]
[SourceDate "1998.11.16"]
[SourceVersion "1"]
[SourceVersionDate "1998.11.16"]
[SourceQuality "1"]

1. d4 Nf6 2. c4 e6 3. Nc3 Bb4 4. e3 b6 5. Bd3 Bb7 6. Nf3 Ne4 7. Qc2 f5 8. 0-0 Bxc3 9. bxc3 c5 10. Nd2 Nxd2 11. Bxd2 Nc6 12. f3 0-0 13. Qb2 Ba6 14. Be1 Na5 15. Qe2 Rc8 16. Rc1 Qc7 17. Bg3 Qc6 18. d5 Qa4 19. Bd6 Rf7 20. e4 Bxc4 21. exf5 exf5 22. Rfe1 h6 23. Bc2 Bxe2 24. Bxa4 Bc4 25. Rcd1 Nb7 26. Bf4 g5 27. Bg3 f4 28. Bf2 Bxa2 29. d6 a6 30. h4 Kg7 31. Bc2 Be6 32. Be4 Na5 33. Rb1 Nc4 34. Bb7 Nxd6 35. Bxc8 Nxc8 36. hxg5 hxg5 37. Ra1 a5 38. Reb1 Bc4 39. Ra4 d5 40. Ra3 Rf6 41. Rb2 Re6 42. Rb1 Kf6 43. Raa1 Na7 44. Re1 Nb5 45. Rac1 Bb3 46. g3 a4 0-1

[Event "BRA-ch sf"]
[Site "Teresina"]
[Date "1998.06.??"]
[Round "8"]
[White "Ratcu, Tatiana Kaawar"]
[Black "De Souza, Mauro Guimaraes"]
[Result "1-0"]
[WhiteElo "2180"]
[BlackElo "2405"]
[PlyCount "103"]
[EventDate "1998.06.07"]
[EventType "swiss"]
[EventRounds "9"]
[EventCountry "BRA"]
[SourceTitle "EXT 2022"]
[Source "ChessBase"]
[SourceDate "2021.10.06"]
[SourceVersion "1"]
[SourceVersionDate "2021.10.06"]
[SourceQuality "1"]

1. d4 Nf6 2. Nf3 g6 3. Nbd2 d5 4. e3 Bg7 5. Be2 0-0 6. 0-0 c5 7. c3 Nbd7 8. b4 b6 9. bxc5 bxc5 10. Qa4 Nb6 11. Qa5 c4 12. Ba3 Re8 13. Ne5 Qc7 14. e4 e6 15. Rab1 Bb7 16. Bc5 dxe4 17. Ndxc4 Nfd5 18. Nd6 Bxe5 19. dxe5 Nf4 20. Nxe8 Nxe2+ 21. Kh1 Rxe8 22. Bxb6 axb6 23. Qb5 Ra8 24. Qxe2 Qxc3 25. Rxb6 Bd5 26. Qb2 Qd3 27. Rg1 Rxa2 28. Rb8+ Kg7 29. Qb4 Qa3 30. Qxa3 Rxa3 31. Re1 Bc4 32. Rc8 Bd5 33. Rc5 g5 34. h3 Kg6 35. g4 Ra7 36. Kg2 Ra2 37. Kg3 h5 38. gxh5+ Kxh5 39. Rc7 Kg6 40. Re3 Ra5 41. Rec3 Kf5 42. Rxf7+ Kxe5 43. Kg4 Kd4 44. Re3 Bc6 45. Rc7 Ba4 46. Re1 Rf5 47. Rec1 Bb3 48. Rd7+ Bd5 49. Rd1+ Kc4 50. Rc7+ Kb5 51. Rb1+ Ka6 52. Rc3 1-0

[Event "Rio de Janeiro op"]
[Site "Rio de Janeiro"]
[Date "1998.??.??"]
[Round "1"]
[White "Goczo, Melinda"]
[Black "Ratcu, Tatiana Kaawar"]
[Result "0-1"]
[WhiteElo "2170"]
[BlackElo "2180"]
[PlyCount "70"]
[EventDate "1998.??.??"]
[EventType "swiss"]
[EventRounds "7"]
[EventCountry "BRA"]
[SourceTitle "EXT 2000"]
[Source "ChessBase"]
[SourceDate "1999.11.16"]
[SourceVersion "1"]
[SourceVersionDate "1999.11.16"]
[SourceQuality "1"]

1. d4 Nf6 2. Nf3 e6 3. c4 b6 4. g3 Bb7 5. Bg2 Bb4+ 6. Bd2 Qe7 7. 0-0 0-0 8. Nc3 d6 9. Qc2 Nbd7 10. Rad1 Bxc3 11. Bxc3 Ne4 12. Be1 f5 13. d5 exd5 14. cxd5 Ndf6 15. Nd4 g6 16. f3 Ng5 17. h4 Nf7 18. e4 Ba6 19. Rf2 fxe4 20. fxe4 Ne5 21. Ne6 Rfc8 22. Bh3 Nfg4 23. Bxg4 Nxg4 24. Bc3 Nxf2 25. Qxf2 c5 26. Qe3 Rf8 27. Nxf8 Rxf8 28. e5 Rf5 29. e6 Bc4 30. Qe4 Bxa2 31. Kg2 b5 32. b4 cxb4 33. Bb2 Bc4 34. Kg1 a5 35. Qd4 Re5 0-1

[Event "Sao Paulo State-ch2"]
[Site "Rio Claro"]
[Date "1998.??.??"]
[Round "?"]
[White "Martins, Carlos"]
[Black "Ratcu, Tatiana Kaawar"]
[Result "1-0"]
[WhiteElo "2295"]
[BlackElo "2180"]
[PlyCount "26"]
[EventDate "1998.??.??"]
[EventType "swiss"]
[EventRounds "6"]
[EventCountry "BRA"]
[SourceTitle "EXT 1999"]
[Source "ChessBase"]
[SourceDate "1998.11.16"]
[SourceVersion "1"]
[SourceVersionDate "1998.11.16"]
[SourceQuality "1"]

1. e4 c5 2. Nf3 e6 3. d4 cxd4 4. Nxd4 a6 5. Bd3 Qc7 6. 0-0 Nf6 7. Qe2 d6 8. f4 Nbd7 9. Be3 Be7 10. Nd2 b6 11. g4 Ne5 12. g5 Nfd7 13. b4 Nxd3 1-0

[Event "Sao Bernardo tt"]
[Site "Sao Bernardo do Campo"]
[Date "1998.??.??"]
[Round "2"]
[White "Ratcu, Tatiana Kaawar"]
[Black "Iglesias Leon, Francisco Javier"]
[Result "0-1"]
[WhiteElo "2180"]
[BlackElo "2195"]
[PlyCount "74"]
[EventDate "1998.??.??"]
[EventType "swiss"]
[EventRounds "7"]
[EventCountry "BRA"]
[SourceTitle "EXT 2000"]
[Source "ChessBase"]
[SourceDate "1999.11.16"]
[SourceVersion "1"]
[SourceVersionDate "1999.11.16"]
[SourceQuality "1"]

1. d4 Nf6 2. Nf3 g6 3. Nbd2 Bg7 4. e4 d6 5. Bc4 0-0 6. Qe2 Nbd7 7. e5 dxe5 8. dxe5 Ng4 9. e6 Nde5 10. exf7+ Kh8 11. Nxe5 Nxe5 12. Bb3 Bf5 13. Ne4 h6 14. Ng3 e6 15. 0-0 Nxf7 16. Bxe6 Bxe6 17. Qxe6 Kh7 18. Be3 Qh4 19. c3 Ne5 20. h3 Rae8 21. Qb3 Nf3+ 22. gxf3 Rxe3 23. Kg2 Rfxf3 24. Qxb7 Be5 25. Qxf3 Rxf3 26. Kxf3 Qxh3 27. Rae1 Bd6 28. Re4 Bxg3 29. Ke2 Bd6 30. a3 Qf5 31. Rd4 Qb5+ 32. Rd3 Qxb2+ 33. Kf3 Qxa3 34. Re1 h5 35. Re4 Qa6 36. Rde3 Qc6 37. Ke2 a5 0-1

[Event "Sao Bernardo tt"]
[Site "Sao Bernardo do Campo"]
[Date "1998.??.??"]
[Round "3"]
[White "Ratcu, Tatiana Kaawar"]
[Black "Maggiolo, Sonia"]
[Result "1-0"]
[WhiteElo "2180"]
[BlackElo "2065"]
[PlyCount "45"]
[EventDate "1998.??.??"]
[EventType "swiss"]
[EventRounds "7"]
[EventCountry "BRA"]
[SourceTitle "EXT 2000"]
[Source "ChessBase"]
[SourceDate "1999.11.16"]
[SourceVersion "1"]
[SourceVersionDate "1999.11.16"]
[SourceQuality "1"]

1. e4 c5 2. Nf3 e6 3. c3 d5 4. exd5 exd5 5. d4 Nc6 6. Bb5 Nf6 7. Bg5 a6 8. Qe2+ Be6 9. Bxc6+ bxc6 10. dxc5 Bxc5 11. Nd4 Bxd4 12. cxd4 Qa5+ 13. Qd2 Qxd2+ 14. Bxd2 Bf5 15. Nc3 Kd7 16. f3 Rhe8+ 17. Kf2 Bd3 18. Rhe1 Rab8 19. Na4 Rxe1 20. Rxe1 Bc4 21. b3 Bb5 22. Nc5+ Kd8 23. a4 1-0